Widok standardowy
Widok MARC
Pozycja Topical Term
Liczba rekordów, w których użyto hasła: 3
001 - Numer kontrolny
- control field: 34949
003 - Identyfikator numeru kontrolnego
- control field: NUKAT
005 - Data i czas ostatniej modyfikacji
- control field: 20251201202914.0
008 - Dane kontrolne kodowane (40 znaków)
- fixed length control field: 980626i||a|znnbabn |a ana |c
010 ## - Numer kontrolny Biblioteki Kongresu
- numer kontrolny LC: s 98054704
040 ## - Instytucja sporządzająca rekord
- inst. przygot. dane do rek. khw: LUBL KUL/GW
- język haseł przedmiotowych/tezaurus: kaba
- inst. wprow. rek. khw: WA U/BR
083 #4 - DEWEY DECIMAL CLASSIFICATION NUMBER
- pojed. symbol lub pocz. z zakr. symboli: 320
- określenie wyjaśniające: Nauki polityczne
083 #4 - DEWEY DECIMAL CLASSIFICATION NUMBER
- pojed. symbol lub pocz. z zakr. symboli: 355
- określenie wyjaśniające: Sztuka i nauka wojenna
083 #4 - DEWEY DECIMAL CLASSIFICATION NUMBER
- pojed. symbol lub pocz. z zakr. symboli: 900
- określenie wyjaśniające: Historia
150 ## - Hasło - nazwa pospolita
- nazwa posp. lub nazwa geogr. na pocz.: Wojna i socjalizm.
450 ## - Trop zob. - nazwa pospolita
- nazwa posp. lub nazwa geogr. na pocz.: Guerre et socialisme [f]
450 ## - Trop zob. - nazwa pospolita
- nazwa posp. lub nazwa geogr. na pocz.: War and socialism [c]
450 ## - Trop zob. - nazwa pospolita
- nazwa posp. lub nazwa geogr. na pocz.: Socjalizm i wojna.
550 ## - Trop zob. też - nazwa pospolita
- podpole kontrolne: g
- nazwa posp. lub nazwa geogr. na pocz.: Wojna
- określnik rzeczowy: filozofia.
670 ## - Źródło informacji
- źródło informacji: RAMEAU